000 00810nam a2200253Ia 4500
003 OSt
005 20220928130644.0
006 a|||||r|||| 00| 0
007 ta
008 220927b |||||||| |||| 00| 0 eng d
020 _c2360.5264999999999
024 _a116494
037 _b4, 06/09/2012, Aviva Books Company
_cTextual
040 _aSDCL
_cSDCL
_beng
041 _2eng
_aeng
082 _aS:523, Q1
100 _aLewis Sarah
_9475291
245 0 _aPositive psychology at work
_b How positive leadership and appreciative inquiry create inspiring organizations.
260 _aChichester
_bWiley-Balckwell
_c2011
300 _axxii,246p
_ccm.
650 _aPsychology
942 _hS:523, Q1
_cTEXL
_2CC
999 _c787815
_d787815